[Event "25th Troya Open 2017"]
[Site "Canakkale"]
[Date "2017.08.10"]
[Round "6.9"]
[White "Kara, Gulce Nehir"]
[Black "Vursan, Emre Can"]
[Result "1/2-1/2"]
[WhiteElo "1659"]
[BlackElo "1696"]
[Annotator "NA RC"]
[PlyCount "87"]
[EventCountry "TUR"]
[SourceTitle "playchess.com"]
[Source "ChessBase"]
[SourceQuality "1"]
[TimeControl "5400+30"]

1. e4 {[%emt 0:00:30]} d5 {[%emt 0:11:00]} 2. Nc3 {[%emt 0:00:00]} d4 {[%emt 0:02:30]} 3. Nce2 {[%emt 0:00:00]} e5 {[%emt 0:00:30]} 4. Nf3 {[%emt 0:01:30]} Bd6 {[%emt 0:00:30]} 5. c3 {[%emt 0:01:30]} c5 {[%emt 0:00:30]} 6. Ng3 {[%emt 0:02:30]} Be6 {[%emt 0:14:30]} 7. Bb5+ {[%emt 0:04:30]} Nd7 {[%emt 0:01:30]} 8. O-O {[%emt 0:02:30]} a6 {[%emt 0:16:30]} 9. Bxd7+ {[%emt 0:01:30]} Qxd7 {[%emt 0:00:30]} 10. d3 {[%emt 0:02:30]} h5 {[%emt 0:08:30]} 11. Nh4 {[%emt 0:06:30]} g6 {[%emt 0:01:30]} 12. Bg5 {[%emt 0:03:30]} Be7 {[%emt 0:04:30]} 13. Qd2 {[%emt 0:11:30]} Qd8 {[%emt 0:04:30]} 14. Bxe7 {[%emt 0:03:30]} Qxe7 {[%emt 0:00:00]} 15. Nf3 {[%emt 0:00:00]} h4 {[%emt 0:00:00]} 16. Nh1 {[%emt 0:04:00]} Bg4 {[%emt 0:02:30]} 17. Ne1 {[%emt 0:01:30]} g5 {[%emt 0:02:30]} 18. c4 {[%emt 0:05:30]} Qf6 {[%emt 0:07:37]} 19. f3 {[%emt 0:01:30]} Bd7 {[%emt 0:00:48]} 20. Nf2 {[%emt 0:01:30]} Qf4 {[%emt 0:04:11]} 21. Qxf4 {[%emt 0:08:30]} gxf4 {[%emt 0:00:04]} 22. Ng4 {[%emt 0:01:30]} Bxg4 {[%emt 0:01:09]} 23. fxg4 {[%emt 0:00:00]} h3 {[%emt 0:01:16]} 24. gxh3 {[%emt 0:02:00]} Rxh3 {[%emt 0:00:02]} 25. Nf3 {[%emt 0:00:30]} f6 {[%emt 0:00:44]} 26. Kg2 {[%emt 0:00:30]} Rh7 {[%emt 0:00:19]} 27. a3 {[%emt 0:01:30]} b5 {[%emt 0:01:04]} 28. b4 {[%emt 0:03:30]} Rc7 {[%emt 0:01:01]} 29. Rfc1 {[%emt 0:01:30]} Rac8 {[%emt 0:00:39]} 30. Nd2 {[%emt 0:03:30]} Nh6 {[%emt 0:00:59]} 31. h3 {[%emt 0:00:30]} Nf7 {[%emt 0:00:08]} 32. bxc5 {[%emt 0:03:30]} Rxc5 {[%emt 0:04:15]} 33. Nb3 {[%emt 0:02:30]} R5c7 {[%emt 0:00:07]} 34. c5 {[%emt 0:00:30]} Ng5 {[%emt 0:01:14]} 35. Rc2 {[%emt 0:01:30]} Rh7 {[%emt 0:00:30]} 36. Rh1 {[%emt 0:00:30]} Ne6 {[%emt 0:00:30]} 37. c6 {[%emt 0:00:30]} Rhc7 {[%emt 0:00:30]} 38. Na5 {[%emt 0:01:41]} Nd8 {[%emt 0:01:46]} 39. Rhc1 {[%emt 0:00:30]} Ke7 {[%emt 0:01:04]} 40. Kf3 {[%emt 0:01:02]} Kd6 {[%emt 0:01:37]} 41. Nb7+ {[%emt 0:00:54]} Ke7 {[%emt 0:00:14]} 42. Na5 {[%emt 0:00:14]} Kd6 {[%emt 0:00:30]} 43. Nb7+ {[%emt 0:00:00]} Ke7 {[%emt 0:00:53]} 44. Na5 {[%emt 0:00:00]} 1/2-1/2

[Event "25th Troya Open 2017"]
[Site "Canakkale"]
[Date "2017.08.10"]
[Round "6.10"]
[White "Pektas, Gokdeniz"]
[Black "Yildiz, Serkan"]
[Result "1/2-1/2"]
[WhiteElo "1625"]
[BlackElo "1770"]
[Annotator "NA RC"]
[PlyCount "99"]
[EventCountry "TUR"]
[SourceTitle "playchess.com"]
[Source "ChessBase"]
[SourceQuality "1"]
[TimeControl "5400+30"]

1. d4 {[%emt 0:00:30]} Nf6 {[%emt 0:01:00]} 2. c4 {[%emt 0:00:30]} e5 {[%emt 0:00:30]} 3. dxe5 {[%emt 0:00:30]} Ng4 {[%emt 0:00:30]} 4. Bf4 {[%emt 0:00:30]} Nc6 {[%emt 0:00:30]} 5. Nf3 {[%emt 0:00:30]} Bb4+ {[%emt 0:00:30]} 6. Nbd2 {[%emt 0:00:30]} Qe7 {[%emt 0:01:30]} 7. a3 {[%emt 0:00:00]} Ngxe5 {[%emt 0:07:30]} 8. Nxe5 {[%emt 0:00:00]} Nxe5 {[%emt 0:01:30]} 9. e3 {[%emt 0:00:00]} Bxd2+ {[%emt 0:03:30]} 10. Qxd2 {[%emt 0:00:00]} d6 {[%emt 0:00:30]} 11. Be2 {[%emt 0:00:00]} Bd7 {[%emt 0:04:30]} 12. O-O {[%emt 0:17:00]} Bc6 {[%emt 0:03:30]} 13. b4 {[%emt 0:01:30]} b6 {[%emt 0:04:30]} 14. c5 {[%emt 0:04:30]} dxc5 {[%emt 0:19:30]} 15. bxc5 {[%emt 0:00:30]} b5 {[%emt 0:05:30]} 16. Qb2 {[%emt 0:22:30]} Nc4 {[%emt 0:16:30]} 17. Bxc4 {[%emt 0:01:30]} bxc4 {[%emt 0:00:30]} 18. Qxg7 {[%emt 0:05:30]} O-O-O {[%emt 0:06:30]} 19. Qe5 {[%emt 0:01:30]} Qxe5 {[%emt 0:03:27]} 20. Bxe5 {[%emt 0:00:00]} Rhg8 {[%emt 0:00:00]} 21. f3 {[%emt 0:00:00]} Rd2 {[%emt 0:03:15]} 22. Rf2 {[%emt 0:00:30]} Rd3 {[%emt 0:00:07]} 23. Bd4 {[%emt 0:00:30]} Kb7 {[%emt 0:02:01]} 24. Rb1+ {[%emt 0:01:30]} Ka6 {[%emt 0:00:12]} 25. Rb4 {[%emt 0:00:30]} c3 {[%emt 0:01:45]} 26. h3 {[%emt 0:03:30]} c2 {[%emt 0:03:06]} 27. Rxc2 {[%emt 0:00:30]} Bxf3 {[%emt 0:00:12]} 28. Kh2 {[%emt 0:00:30]} Be4 {[%emt 0:02:07]} 29. Rcb2 {[%emt 0:04:30]} Rxa3 {[%emt 0:01:45]} 30. Be5 {[%emt 0:00:00]} Bc6 {[%emt 0:00:44]} 31. Bxc7 {[%emt 0:00:00]} Re8 {[%emt 0:02:01]} 32. Bf4 {[%emt 0:02:30]} Re4 {[%emt 0:00:09]} 33. g4 {[%emt 0:00:30]} Rxb4 {[%emt 0:00:45]} 34. Rxb4 {[%emt 0:00:00]} Ra2+ {[%emt 0:00:02]} 35. Kg3 {[%emt 0:00:00]} Ra5 {[%emt 0:02:56]} 36. Bd6 {[%emt 0:00:30]} Rb5 {[%emt 0:00:12]} 37. Rf4 {[%emt 0:00:30]} Bd5 {[%emt 0:00:56]} 38. e4 {[%emt 0:00:30]} Be6 {[%emt 0:00:30]} 39. Rf6 {[%emt 0:00:30]} Rb3+ {[%emt 0:00:39]} 40. Kh4 {[%emt 0:00:30]} Re3 {[%emt 0:00:11]} 41. e5 {[%emt 0:00:30]} Kb5 {[%emt 0:00:16]} 42. Rh6 {[%emt 0:03:30]} a5 {[%emt 0:00:30]} 43. c6 {[%emt 0:00:30]} Kxc6 {[%emt 0:00:30]} 44. Rxh7 {[%emt 0:00:30]} a4 {[%emt 0:00:30]} 45. Kg5 {[%emt 0:00:30]} a3 {[%emt 0:00:30]} 46. Bxa3 {[%emt 0:00:30]} Rxa3 {[%emt 0:00:19]} 47. Kf6 {[%emt 0:02:30]} Rf3+ {[%emt 0:00:30]} 48. Kg7 {[%emt 0:00:30]} Kd5 {[%emt 0:00:17]} 49. g5 {[%emt 0:01:30]} Kxe5 {[%emt 0:00:30]} 50. g6 {[%emt 0:00:30]} 1/2-1/2

[Event "25th Troya Open 2017"]
[Site "Canakkale"]
[Date "2017.08.10"]
[Round "6.11"]
[White "Tay, Ugur Can"]
[Black "Kaya, Onur"]
[Result "1/2-1/2"]
[WhiteElo "1508"]
[BlackElo "1633"]
[Annotator "NA"]
[PlyCount "194"]
[EventCountry "TUR"]
[SourceTitle "playchess.com"]
[Source "ChessBase"]
[SourceQuality "1"]
[TimeControl "5400+30"]

1. d4 {[%emt 0:00:30]} Nf6 {[%emt 0:01:00]} 2. Nf3 {[%emt 0:00:30]} e6 {[%emt 0:00:30]} 3. c4 {[%emt 0:00:30]} Bb4+ {[%emt 0:00:30]} 4. Bd2 {[%emt 0:00:00]} Qe7 {[%emt 0:01:30]} 5. Nc3 {[%emt 0:01:00]} b6 {[%emt 0:03:30]} 6. a3 {[%emt 0:03:30]} Bxc3 {[%emt 0:00:30]} 7. Bxc3 {[%emt 0:00:30]} Bb7 {[%emt 0:00:00]} 8. e3 {[%emt 0:01:30]} O-O {[%emt 0:01:00]} 9. Bd3 {[%emt 0:00:30]} d6 {[%emt 0:02:30]} 10. O-O {[%emt 0:02:30]} Nbd7 {[%emt 0:00:30]} 11. Re1 {[%emt 0:03:30]} Ne4 {[%emt 0:04:30]} 12. Nd2 {[%emt 0:08:30]} f5 {[%emt 0:04:30]} 13. f3 {[%emt 0:02:30]} Nxc3 {[%emt 0:00:30]} 14. bxc3 {[%emt 0:00:00]} e5 {[%emt 0:03:30]} 15. Qc2 {[%emt 0:08:00]} Qg5 {[%emt 0:01:30]} 16. Kh1 {[%emt 0:14:30]} Rf6 {[%emt 0:14:30]} 17. Nf1 {[%emt 0:05:30]} a5 {[%emt 0:05:30]} 18. Ng3 {[%emt 0:06:30]} Raf8 {[%emt 0:02:30]} 19. Rad1 {[%emt 0:06:30]} h5 {[%emt 0:03:30]} 20. dxe5 {[%emt 0:04:30]} dxe5 {[%emt 0:21:30]} 21. Nxf5 {[%emt 0:07:30]} Nc5 {[%emt 0:15:26]} 22. h4 {[%emt 0:00:30]} Nxd3 {[%emt 0:01:56]} 23. hxg5 {[%emt 0:00:30]} Nxe1 {[%emt 0:00:03]} 24. Rxe1 {[%emt 0:01:30]} Rxf5 {[%emt 0:00:00]} 25. g6 {[%emt 0:01:30]} h4 {[%emt 0:00:34]} 26. e4 {[%emt 0:03:29]} Rf4 {[%emt 0:01:09]} 27. Kh2 {[%emt 0:05:38]} Bc8 {[%emt 0:00:30]} 28. Qd3 {[%emt 0:03:28]} Be6 {[%emt 0:04:31]} 29. Re3 {[%emt 0:00:46]} R4f6 {[%emt 0:00:21]} 30. Qe2 {[%emt 0:03:24]} Rxg6 {[%emt 0:00:24]} 31. c5 {[%emt 0:02:12]} Rg3 {[%emt 0:03:49]} 32. cxb6 {[%emt 0:00:25]} cxb6 {[%emt 0:00:49]} 33. Qb5 {[%emt 0:00:56]} Rf6 {[%emt 0:00:46]} 34. Qxe5 {[%emt 0:01:40]} Rfg6 {[%emt 0:01:50]} 35. Re2 {[%emt 0:00:10]} R3g5 {[%emt 0:01:23]} 36. Qb8+ {[%emt 0:00:25]} Kh7 {[%emt 0:00:35]} 37. f4 {[%emt 0:00:05]} Bc4 {[%emt 0:00:34]} 38. fxg5 {[%emt 0:01:55]} Bxe2 {[%emt 0:00:30]} 39. Qf4 {[%emt 0:00:00]} Rc6 {[%emt 0:00:40]} 40. Qxh4+ {[%emt 0:00:00]} Kg8 {[%emt 0:00:18]} 41. Qg3 {[%emt 0:00:21]} Bh5 {[%emt 0:00:40]} 42. e5 {[%emt 0:02:12]} Re6 {[%emt 0:00:18]} 43. Kg1 {[%emt 0:00:40]} Be8 {[%emt 0:00:43]} 44. Kf2 {[%emt 0:00:28]} Rc6 {[%emt 0:00:30]} 45. Qe3 {[%emt 0:00:30]} Bf7 {[%emt 0:00:32]} 46. g3 {[%emt 0:00:58]} Kf8 {[%emt 0:00:28]} 47. Qf3 {[%emt 0:00:24]} Re6 {[%emt 0:00:16]} 48. Qf4 {[%emt 0:00:30]} Ke8 {[%emt 0:00:39]} 49. Qd4 {[%emt 0:00:40]} Ke7 {[%emt 0:00:35]} 50. Ke3 {[%emt 0:00:24]} Rc6 {[%emt 0:00:29]} 51. Kd2 {[%emt 0:00:16]} Be6 {[%emt 0:00:27]} 52. g6 {[%emt 0:00:28]} Bf5 {[%emt 0:00:29]} 53. Qh4+ {[%emt 0:00:34]} Ke6 {[%emt 0:00:15]} 54. Qg5 {[%emt 0:00:49]} Rc4 {[%emt 0:00:50]} 55. Qd8 {[%emt 0:00:32]} Rc6 {[%emt 0:00:32]} 56. Qe8+ {[%emt 0:00:15]} Kd5 {[%emt 0:00:02]} 57. Qf7+ {[%emt 0:00:44]} Kxe5 {[%emt 0:00:36]} 58. Qxg7+ {[%emt 0:00:23]} Rf6 {[%emt 0:00:33]} 59. Qc7+ {[%emt 0:00:17]} Rd6+ {[%emt 0:00:01]} 60. Ke3 {[%emt 0:00:42]} Bxg6 {[%emt 0:00:05]} 61. Qg7+ {[%emt 0:00:37]} Kd5 {[%emt 0:00:58]} 62. Qd4+ {[%emt 0:00:31]} Ke6 {[%emt 0:00:50]} 63. Qg4+ {[%emt 0:00:30]} Kf6 {[%emt 0:00:46]} 64. Qf4+ {[%emt 0:00:26]} Ke6 {[%emt 0:00:40]} 65. Ke2 {[%emt 0:00:32]} Ke7 {[%emt 0:00:26]} 66. Qg5+ {[%emt 0:00:34]} Kf7 {[%emt 0:00:05]} 67. Qf4+ {[%emt 0:00:12]} Ke7 {[%emt 0:00:10]} 68. g4 {[%emt 0:00:36]} Re6+ {[%emt 0:00:01]} 69. Kd2 {[%emt 0:00:38]} Rd6+ {[%emt 0:00:05]} 70. Kc1 {[%emt 0:00:07]} Rc6 {[%emt 0:01:12]} 71. Qe5+ {[%emt 0:00:40]} Kf7 {[%emt 0:01:06]} 72. Kd2 {[%emt 0:00:42]} Re6 {[%emt 0:00:17]} 73. Qc7+ {[%emt 0:00:18]} Kf6 {[%emt 0:00:04]} 74. Qf4+ {[%emt 0:00:45]} Ke7 {[%emt 0:00:07]} 75. g5 {[%emt 0:00:23]} Bf7 {[%emt 0:01:16]} 76. Qc7+ {[%emt 0:00:25]} Kf8 {[%emt 0:00:03]} 77. Kd3 {[%emt 0:00:43]} Kg7 {[%emt 0:00:30]} 78. Kd4 {[%emt 0:00:31]} Kg6 {[%emt 0:00:11]} 79. Qf4 {[%emt 0:00:26]} Kg7 {[%emt 0:00:45]} 80. Qf5 {[%emt 0:00:33]} Rd6+ {[%emt 0:00:23]} 81. Ke3 {[%emt 0:00:12]} Re6+ {[%emt 0:00:01]} 82. Kf4 {[%emt 0:00:28]} Rc6 {[%emt 0:00:29]} 83. Qe5+ {[%emt 0:00:33]} Kf8 {[%emt 0:00:18]} 84. Qb8+ {[%emt 0:00:44]} Kg7 {[%emt 0:00:04]} 85. Qe5+ {[%emt 0:00:17]} Kf8 {[%emt 0:00:30]} 86. Kg3 {[%emt 0:00:43]} Re6 {[%emt 0:00:05]} 87. Qf4 {[%emt 0:00:42]} Kg7 {[%emt 0:00:05]} 88. Qd4+ {[%emt 0:00:20]} Kf8 {[%emt 0:00:35]} 89. Kf4 {[%emt 0:00:18]} Rc6 {[%emt 0:00:17]} 90. Qh8+ {[%emt 0:00:43]} Ke7 {[%emt 0:00:09]} 91. Qe5+ {[%emt 0:00:27]} Kf8 {[%emt 0:00:47]} 92. Kg3 {[%emt 0:00:33]} Re6 {[%emt 0:00:15]} 93. Qd4 {[%emt 0:00:28]} Rc6 {[%emt 0:00:33]} 94. Qd8+ {[%emt 0:00:35]} Kg7 {[%emt 0:00:02]} 95. Qd4+ {[%emt 0:00:02]} Kf8 {[%emt 0:00:09]} 96. Qh8+ {[%emt 0:00:55]} Ke7 {[%emt 0:00:01]} 97. Qe5+ {[%emt 0:00:14]} Kf8 {[%emt 0:00:03]} 1/2-1/2

[Event "25th Troya Open 2017"]
[Site "Canakkale"]
[Date "2017.08.10"]
[Round "6.12"]
[White "Konusoglu, Kemal Safa"]
[Black "Erdal, Kerem"]
[Result "1-0"]
[WhiteElo "1555"]
[BlackElo "1579"]
[Annotator "NA RC"]
[PlyCount "51"]
[EventCountry "TUR"]
[SourceTitle "playchess.com"]
[Source "ChessBase"]
[SourceQuality "1"]
[TimeControl "5400+30"]

1. d4 {[%emt 0:00:30]} d5 {[%emt 0:01:00]} 2. Nf3 {[%emt 0:00:30]} Nf6 {[%emt 0:00:30]} 3. c4 {[%emt 0:00:30]} c6 {[%emt 0:00:30]} 4. Nc3 {[%emt 0:00:30]} a6 {[%emt 0:00:30]} 5. cxd5 {[%emt 0:00:30]} cxd5 {[%emt 0:00:30]} 6. Bf4 {[%emt 0:00:30]} Nc6 {[%emt 0:00:00]} 7. e3 {[%emt 0:00:30]} Bf5 {[%emt 0:01:00]} 8. Bd3 {[%emt 0:00:30]} Bxd3 {[%emt 0:00:00]} 9. Qxd3 {[%emt 0:00:30]} e6 {[%emt 0:01:00]} 10. O-O {[%emt 0:01:30]} Be7 {[%emt 0:00:30]} 11. Rac1 {[%emt 0:00:30]} O-O {[%emt 0:00:30]} 12. Ne5 {[%emt 0:01:30]} Nd7 {[%emt 0:03:30]} 13. Nxc6 {[%emt 0:00:30]} bxc6 {[%emt 0:00:30]} 14. Na4 {[%emt 0:08:30]} Qa5 {[%emt 0:02:30]} 15. Qc2 {[%emt 0:02:30]} Rfc8 {[%emt 0:01:30]} 16. a3 {[%emt 0:27:30]} f6 {[%emt 0:09:30]} 17. b4 {[%emt 0:03:30]} Qd8 {[%emt 0:02:30]} 18. Nc5 {[%emt 0:02:30]} Bxc5 {[%emt 0:01:30]} 19. bxc5 {[%emt 0:00:30]} e5 {[%emt 0:00:30]} 20. Bg3 {[%emt 0:00:30]} Qa5 {[%emt 0:05:30]} 21. Qf5 {[%emt 0:05:30]} Nf8 {[%emt 0:02:30]} 22. dxe5 {[%emt 0:02:30]} fxe5 {[%emt 0:00:30]} 23. Bxe5 {[%emt 0:00:30]} Qxa3 {[%emt 0:02:30]} 24. Rb1 {[%emt 0:03:30]} Rcb8 {[%emt 0:34:30]} 25. Bxb8 {[%emt 0:00:30]} Qxc5 {[%emt 0:00:30]} 26. Rb7 {[%emt 0:01:30]} 1-0